000
00451nam a2200181Ia 4500
008
100917s9999 xx 000 0 und d
082
_b
48435
100
_a
दामले आशा
245
_a
भूमी
260
_b
विश्वमोहिनी प्रकाशन
_c
1981
300
_a
140
365
_b
15
520
_a
कथा
630
_a
भूमी
650
_a
कथा
730
_a
भूमी
942
_c
BOOK
999
_c
653829
_d
653826